Russian players in UEFA Champions League (2000-) - Statistics

General Stats
  • This quiz has been taken 27 times
  • The average score is 29 of 205
Answer Stats
Ranking Player Positions Nationality Matches Goals (assists) Periods Clubs % Correct
8 Andrey Arshavin MF, FW 34 4 (7) 2008-2015
90%
2 Igor Akinfeev GK 60 0 (0) 2004-2005, 2006-2007, 2009-2010, 2013-2019
90%
15 Aleksandr Golovin MF, FW 25 0 (3) 2015-2018, 2024-2025
86%
58 Denis Cheryshev MF, FW 12 2 (0) 2015-2016, 2018-2020
71%
44 Aleksei Miranchuk MF, FW 15 3 (3) 2018-2022
62%
52 Anton Miranchuk MF, FW 13 4 (0) 2018-2021
62%
11 Artem Dzyuba FW 30 9 (5) 2006-2007, 2012-2013, 2015-2016, 2019-2022
62%
7 Yuri Zhirkov DF, MF 36 2 (4) 2004-2005, 2006-2007, 2009-2010, 2015-2016, 2019-2021
62%
3 Aleksei Berezutski DF 55 0 (1) 2004-2005, 2006-2007, 2009-2010, 2011-2012, 2013-2018
57%
13 Mário Fernandes DF, MF, FW 28 0 (3) 2014-2019
57%
4 Vasili Berezutski DF 52 3 (1) 2004-2005, 2006-2007, 2009-2010, 2011-2012, 2013-2018
57%
6 Alan Dzagoev MF, FW 37 7 (4) 2009-2010, 2011-2012, 2013-2019
52%
24 Aleksandr Kerzhakov FW 22 3 (2) 2007-2008, 2011-2015
52%
70 Fyodor Smolov MF, FW 10 0 (0) 2018-2021
52%
51 Mikhail Kerzhakov GK 14 0 (0) 2015-2016, 2019-2022
52%
55 Roman Pavlyuchenko FW 12 5 (0) 2006-2007, 2010-2011
52%
1 Sergei Ignashevich DF 81 3 (3) 2001-2004, 2006-2007, 2009-2010, 2011-2012, 2013-2018
52%
97 Matvei Safonov GK 6 0 (0) 2020-2021, 2024-2025
48%
19 Igor Denisov MF 24 0 (0) 2008-2009, 2011-2012, 2018-2019
43%
48 Pavel Pogrebnyak FW 14 3 (2) 2008-2010
43%
31 Vyacheslav Malafeev GK 20 0 (0) 2008-2009, 2011-2014
43%
18 Roman Neustädter DF, MF 24 1 (0) 2012-2015
38%
104 Alexey Smertin MF 5 1 (0) 2004-2005
33%
49 Dmitri Alenichev MF 14 3 (0) 2001-2002, 2003-2004
33%
60 Fyodor Chalov FW 11 2 (0) 2016-2019
33%
25 Konstantin Zyryanov MF 22 1 (2) 2008-2009, 2011-2014
33%
26 Roman Shirokov DF, MF 21 6 (1) 2008-2009, 2011-2014
33%
29 Sergei Semak MF 20 5 (0) 2004-2005, 2009-2010, 2011-2013
33%
76 Valeri Karpin MF 8 0 (1) 2003-2004
33%
9 Aleksandr Anyukov DF 34 0 (0) 2008-2009, 2011-2016
29%
152 Aleksandr Kokorin MF, FW 2 0 (0) 2015-2016
29%
164 Diniyar Bilyaletdinov MF 2 0 (0) 2012-2013
29%
112 Georgi Dzhikiya DF 5 0 (0) 2017-2018
29%
12 Marat Izmailov MF 28 1 (4) 2001-2003, 2007-2008, 2012-2014
29%
116 Pyotr Bystrov MF 5 0 (0) 2009-2011
29%
35 Vladimir Bystrov MF 18 0 (4) 2006-2007, 2011-2014
29%
108 Arsen Zakharyan MF, FW 5 0 (0) 2023-2024
24%
103 Denis Glushakov MF 5 1 (1) 2017-2018
24%
5 Georgi Shchennikov DF, MF, FW 44 2 (0) 2009-2010, 2011-2012, 2013-2019
24%
21 Igor Smolnikov DF, MF 23 0 (0) 2013-2015, 2019-2021
24%
176 Roman Zobnin DF, MF, FW 2 0 (0) 2017-2018
24%
202 Sergei Petrov DF, MF 1 0 (0) 2020-2021
24%
87 Aleksandr Mostovoi MF 6 1 (0) 2003-2004
19%
158 Andrei Ivanov DF 2 0 (0) 2010-2011
19%
124 Andrei Kanchelskis DF, MF 4 1 (0) 2000-2001
19%
66 Andrei Mostovoy DF, MF, FW 10 0 (0) 2020-2022
19%
53 Ari FW 13 3 (1) 2009-2010, 2012-2013, 2020-2021
19%
43 Dmitri Kombarov DF, MF 16 0 (2) 2010-2011, 2012-2013, 2017-2018
19%
27 Dmitri Loskov MF 21 4 (4) 2001-2004
19%
126 Dmitri Sychev MF, FW 4 0 (1) 2003-2004
19%
10 Evgeni Aldonin MF 32 1 (3) 2004-2005, 2006-2007, 2009-2010, 2011-2012
19%
96 Kirill Kombarov DF, MF 6 0 (0) 2010-2011, 2012-2013
19%
17 Oleg Shatov MF, FW 24 3 (4) 2013-2015, 2019-2020
19%
36 Pavel Mamayev MF, FW 18 0 (0) 2007-2008, 2009-2010, 2011-2012
19%
117 Rolan Gusev MF 5 0 (0) 2004-2005, 2006-2007
19%
14 Viktor Fayzulin MF 26 2 (1) 2008-2009, 2011-2016
19%
47 Vyacheslav Karavayev DF 15 0 (0) 2013-2014, 2019-2022
19%
121 Yuri Gazinskiy MF 5 0 (0) 2020-2021
19%
34 Yuri Lodygin GK 19 0 (0) 2013-2016
19%
62 Aleksandr Bukharov FW 11 0 (2) 2009-2010, 2011-2012, 2016-2017
14%
28 Aleksandr Erokhin MF, FW 21 1 (1) 2016-2017, 2019-2022
14%
33 Aleksandr Ryazantsev MF 19 1 (1) 2009-2010, 2014-2016
14%
123 Aleksandr Samedov MF, FW 4 1 (0) 2017-2018
14%
138 Aleksei Ionov MF, FW 3 0 (1) 2016-2017
14%
50 Daler Kuzyaev DF, MF 14 1 (0) 2019-2022
14%
142 Dmitri Bulykin FW 3 0 (0) 2011-2012
14%
30 Dmitri Sennikov DF 20 1 (1) 2001-2004
14%
143 Dmitri Torbinski MF 3 0 (0) 2002-2003, 2006-2007
14%
39 Guilherme Marinato GK 17 0 (0) 2018-2021
14%
20 Kirill Nababkin DF, MF, FW 24 0 (0) 2011-2012, 2013-2019
14%
74 Konstantin Kuchayev DF, MF, FW 8 1 (0) 2017-2019
14%
65 Rifat Zhemaletdinov MF, FW 10 0 (1) 2018-2021
14%
99 Ruslan Nigmatullin GK 6 0 (0) 2001-2002
14%
22 Sergei Ovchinnikov GK 23 0 (0) 2001-2004
14%
59 Sergey Ryzhikov GK 12 0 (0) 2009-2011
14%
101 Vladimir Gabulov GK 6 0 (0) 2011-2012
14%
16 Yegor Titov MF, FW 24 4 (2) 2000-2001, 2006-2007
14%
45 Aleksandr Filimonov GK 15 0 (0) 2000-2002
10%
107 Aleksandr Selikhov GK 5 0 (0) 2017-2018
10%
125 Aleksandr Shirko FW 4 0 (1) 2000-2001
10%
141 Aleksei Medvedev FW 3 0 (0) 2010-2011
10%
137 Andrei Karyaka MF 3 1 (0) 2005-2007
10%
159 Andrey Lunyov GK 2 0 (0) 2019-2020
10%
82 Anton Grigoryev DF 7 0 (0) 2006-2007, 2009-2010
10%
129 Artyom Rebrov GK 4 0 (0) 2012-2013, 2017-2018
10%
131 Daniil Utkin MF, FW 4 0 (0) 2020-2021
10%
111 Dmitri Chistyakov DF 5 0 (0) 2021-2022
10%
86 Dmitri Khokhlov MF 6 1 (1) 2003-2004
10%
165 Dmitri Kirichenko FW 2 0 (0) 2004-2005
10%
84 Dmitry Poloz MF, FW 6 3 (2) 2016-2017
10%
77 Dmitry Yefremov DF, MF, FW 8 0 (0) 2014-2015, 2018-2019
10%
144 Ilya Kutepov DF, MF 3 0 (0) 2017-2018
10%
194 Maksim Grigoryev MF 1 0 (0) 2016-2017
10%
174 Oleg Kuzmin DF 2 0 (0) 2010-2011
10%
75 Ramiz Mamedov DF 8 0 (1) 2000-2001
10%
148 Sergei Parshivlyuk DF, MF 3 0 (0) 2010-2011
10%
100 Soslan Dzhanayev GK 6 0 (0) 2016-2017
10%
81 Timur Zhamaletdinov FW 7 1 (0) 2017-2019
10%
41 Vadim Evseev DF 16 1 (3) 2002-2004
10%
83 Viktor Vasin DF 7 0 (0) 2015-2016, 2017-2018
10%
56 Vladimir Beschastnykh MF, FW 12 4 (1) 2001-2003
10%
72 Yuriy Nikiforov DF, MF 9 0 (1) 2000-2002
10%
73 Alan Kasaev MF 9 0 (0) 2009-2011
5%
182 Aleksandr Orekhov DF 1 0 (0) 2010-2011
5%
105 Aleksandr Pavlenko MF, FW 5 0 (1) 2001-2003
5%
61 Aleksei Sutormin DF, MF 11 1 (1) 2019-2022
5%
160 Andrey Tikhonov MF 2 0 (0) 2000-2001
5%
106 Andrey Yeshchenko DF 5 0 (1) 2017-2018
5%
38 Artyom Bezrodny MF 17 1 (0) 2000-2003
5%
130 Astemir Gordyushenko MF, FW 4 0 (0) 2016-2018
5%
186 Daniil Kuznetsov MF 1 0 (0) 2021-2022
5%
68 Danil Krugovoy DF, MF 10 0 (0) 2020-2022
5%
122 Denis Boyarintsev MF, FW 4 2 (1) 2006-2007
5%
110 Denis Terentyev DF 5 0 (0) 2016-2017
5%
54 Dmitri Ananko DF 13 0 (0) 2000-2002
5%
71 Dmitri Barinov DF, MF 9 1 (0) 2018-2020
5%
69 Dmitri Khlestov DF, MF 10 0 (0) 2000-2001, 2002-2003
5%
93 Dmitri Kudryashov MF 6 0 (0) 2002-2003
5%
132 Fyodor Kudryashov DF 4 0 (0) 2016-2017
5%
46 Gennadiy Nizhegorodov DF 15 0 (0) 2001-2004
5%
127 Ilzat Akhmetov MF, FW 4 0 (1) 2018-2019
5%
95 Ivan Oblyakov MF, FW 6 0 (0) 2018-2019
5%
113 Ivan Taranov DF, MF 5 0 (0) 2006-2008
5%
145 Khetag Khosonov DF, MF 3 0 (0) 2017-2019
5%
114 Kirill Panchenko MF, FW 5 0 (0) 2014-2016
5%
169 Konstantin Bazelyuk FW 2 0 (0) 2013-2014
5%
57 Magomed Ozdoyev MF 12 2 (2) 2019-2022
5%
40 Maksim Buznikin FW 16 4 (0) 2001-2004
5%
134 Maksim Kanunnikov MF, FW 4 0 (0) 2011-2013
5%
196 Mikhail Lysov DF 1 0 (0) 2018-2019
5%
146 Nika Piliyev MF 3 0 (0) 2009-2010
5%
151 Nikita Bazhenov MF, FW 2 1 (0) 2006-2007, 2010-2011
5%
115 Nikita Chernov DF 5 0 (0) 2018-2019
5%
198 Pavel Dolgov FW 1 0 (0) 2015-2016
5%
118 Roman Sharonov DF 5 0 (0) 2009-2010
5%
98 Roman Shishkin DF, MF 6 0 (0) 2006-2007
5%
177 Ruslan Kambolov DF, MF 2 0 (0) 2020-2021
5%
32 Ruslan Pimenov DF, FW 19 1 (4) 2001-2004
5%
179 Sergei Pesyakov GK 2 0 (0) 2012-2013
5%
85 Sergei Yuran FW 6 3 (0) 2000-2001
5%
136 Stanislav Magkeev DF, MF 4 0 (0) 2019-2021
5%
149 Veniamin Mandrykin GK 3 0 (0) 2007-2008
5%
37 Viktor Bulatov MF 18 0 (0) 2000-2002
5%
63 Vitali Kaleshin DF, MF 11 0 (0) 2009-2011
5%
102 Vladimir Granat DF 6 0 (0) 2016-2017
5%
42 Vladislav Ignatyev DF, MF, FW 16 1 (0) 2018-2021
5%
120 Yevgeni Chernov DF 5 0 (0) 2020-2021
5%
181 Yevgeni Gorodov GK 2 0 (0) 2020-2021
5%
23 Yuri Kovtun DF 23 0 (0) 2000-2003
5%
80 Aleksandr Danishevsky FW 7 1 (0) 2001-2003
0%
139 Aleksandr Kolomeytsev MF, FW 3 0 (0) 2019-2020
0%
140 Aleksandr Kozlov MF, FW 3 0 (0) 2010-2011, 2012-2013
0%
91 Aleksandr Sheshukov DF, MF 6 0 (0) 2010-2011
0%
153 Aleksandr Shmarko DF 2 0 (0) 2000-2001
0%
183 Aleksandr Silyanov DF, MF 1 0 (0) 2020-2021
0%
154 Aleksandr Sonin FW 2 0 (0) 2002-2003
0%
79 Aleksei Bakharev MF 7 1 (1) 2000-2001, 2004-2005
0%
155 Aleksei Gerasimenko MF, FW 2 0 (0) 2000-2001
0%
156 Aleksei Rebko MF 2 0 (0) 2006-2007
0%
157 Aleksei Zuev GK 2 0 (0) 2006-2007
0%
184 Alexey Yevseyev MF 1 0 (0) 2015-2016
0%
185 Anatoli Gerk MF, FW 1 0 (0) 2004-2005
0%
67 Anri Khagush DF 10 0 (0) 2008-2009, 2014-2015
0%
92 Artur Rimovič Jusupov MF, FW 6 0 (0) 2015-2016
0%
161 Daniil Khudiakov GK 2 0 (0) 2024-2025
0%
109 Daniil Kulikov MF 5 0 (0) 2019-2021
0%
162 Daniil Shamkin MF 2 0 (0) 2020-2021
0%
163 Danila Prokhin DF 2 0 (0) 2020-2021
0%
187 Dmitri Bogayev FW 1 0 (0) 2015-2016
0%
94 Dmitrii Rybchinskii DF, MF 6 0 (0) 2020-2021
0%
89 Dmitri Zhivoglyadov DF 6 0 (1) 2020-2021
0%
188 Egor Prutsev FW 1 0 (0) 2024-2025
0%
189 Georgii Kyrnats GK 1 0 (0) 2018-2019
0%
166 German Lovchev FW 2 0 (0) 2000-2002
0%
190 Igor Kireyev MF 1 0 (0) 2016-2017
0%
133 Igor Yanovsky DF 4 0 (0) 2000-2001
0%
191 Ilya Pomazun GK 1 0 (0) 2018-2019
0%
192 Ivan Režić DF 1 0 (0) 2004-2005
0%
167 Kirill Kochubei MF 2 0 (0) 2006-2007
0%
168 Kirill Kravtsov MF 2 0 (0) 2021-2022
0%
193 Konstantin Troyanov MF 1 0 (0) 2015-2016
0%
170 Leon Musayev DF, MF 2 0 (0) 2020-2021
0%
171 Leon Sabua FW 2 0 (0) 2020-2021
0%
88 Magomed-Shapi Suleymanov MF, FW 6 1 (0) 2020-2021
0%
172 Maksim Kabanov GK 2 0 (0) 2001-2002
0%
195 Maksim Mukhin MF 1 0 (0) 2020-2021
0%
197 Nikita Iosifov MF 1 0 (0) 2020-2021
0%
173 Nikolai Pisarev FW 2 0 (0) 2000-2001
0%
199 Pavel Mogilevets MF 1 0 (0) 2014-2015
0%
175 Renat Sabitov DF, MF 2 0 (0) 2010-2011
0%
200 Semyon Fedotov DF, MF 1 0 (0) 2011-2012
0%
201 Serder Serderov MF, FW 1 0 (0) 2011-2012
0%
147 Sergei Bryzgalov DF 3 0 (0) 2012-2013
0%
178 Sergei Chepchugov GK 2 0 (0) 2011-2012
0%
135 Stanislav Kritsyuk GK 4 0 (0) 2021-2022
0%
119 Vitali Kazantsev DF 5 0 (0) 2008-2009
0%
203 Vitali Lystsov DF 1 0 (0) 2020-2021
0%
90 Vladimir Kuzmichyov MF, FW 6 0 (1) 2000-2001
0%
128 Vladimir Rzhevsky DF 4 0 (1) 2008-2009
0%
150 Yegor Sorokin DF 3 0 (0) 2020-2021
0%
204 Yevgeni Balyaikin MF 1 0 (0) 2009-2010
0%
180 Yevgeni Bushmanov DF 2 0 (0) 2000-2001
0%
64 Yevgeni Makeyev DF 11 0 (0) 2010-2011, 2012-2013
0%
205 Yevgeni Markov FW 1 0 (0) 2020-2021
0%
78 Yuri Drozdov DF, MF 8 0 (0) 2001-2003
0%
No matching quizzes found
Score Distribution
Percent of People with Each Score
Percentile by Number Answered
Your Score History
You have not taken this quiz